Statistiken für Top 15 der betroffenen Covid-19-Länder - 6. Oktober

Klicken Sie hier um das Quiz zu spielen!

Allgemein

  • Dieses Quiz wurde 10 mal gespielt
  • Das Durchschnittsergebnis liegt bei 14 aus 24

Antwortstatistiken

Land% Korrekt
Vereinigte Staaten
100%
Frankreich
90%
Spanien
90%
Mexiko
80%
Russland
80%
Vereinigtes Königreich
80%
Brasilien
70%
Chile
70%
Chile
70%
Indien
70%
Kolumbien
70%
Südafrika
70%
Argentinien
60%
Iran
60%
Peru
60%
Armenien
40%
Israel
40%
Kuwait
40%
Bahrain
30%
Irak
30%
Katar
30%
Costa Rica
20%
Panama
20%
Oman
10%

Verteilung der Resultate

Perzentil nach korrekt beantworteten Fragen

Anzahl Personen mit jedem Resultat

Ihre Resultats-Entwicklung

Sie haben dieses Quiz noch nicht gespielt